000
00333nam a22001457a 4500
003
SGT
020
_a
9789350353974
082
_a
345,GAU
100
_a
GAUR, K. D.
245
_a
TEXTBOOK ON INDIAN PENAL CODE
260
_a
NEW DELHI
_b
UNIVERSAL LAW PUBLISHING
_c
2015
300
_a
973
650
_a
CRIMINAL LAW
942
_2
ddc
_c
BK
_0
1
999
_c
10181
_d
10181